01235nam a2200289Ia 4500001001200000003000800012006001900020007001500039008004100054010001700095020001800112040002100130035002100151050002700172245017000199260004000369300002400409490008900433533015200522650004200674650002100716655002900737700002100766710001700787856012600804999001500930ebr10267475CaPaEBRm u cr cn|||||||||080702s2008 dcua s 000 0 eng d z 2008932442 z9781586038991 aCaPaEBRcCaPaEBR a(OCoLC)60538469714aHE199.5.D3bA38 2008eb00aAdvanced technologies and methodologies for risk management in the global transport of dangerous goodsh[electronic resource] /cedited by Chiara Bersani...[et al.]. aWashington, DC :bIOS Press,c2008. axii, 333 p. :bill.0 aNato science for peace and security series - e: human and societal dynamics ;vv. 45 aElectronic reproduction.bPalo Alto, Calif. :cebrary,d2009.nAvailable via World Wide Web.nAccess may be limited to ebrary affiliated libraries. 0aHazardous substancesxTransportation. 0aRisk management. 7aElectronic books.2local1 aBersani, Chiara.2 aebrary, Inc.40uhttp://site.ebrary.com/lib/rucke/Doc?id=10267475zAn electronic book accessible through the World Wide Web; click to view c9499d9499